000
00317nam a2200133Ia 4500
008
191201s2005 xx 000 0 und d
082
_a
658.301
_b
GAE
100
_a
GARG, Vinod
245
0
_a
Enterprise Resource Planning
260
_a
N.Delhi
_b
Prentice Hall
_c
2005
300
_a
185
650
_a
MBA
942
_2
ddc
_c
BK
999
_c
2659
_d
2659